000
00209 a2200097 4500
001
45569
100
_a
Safire, W
245
_a
Take my world for it
260
_a
London
_b
Times books
_c
090
_c
28731
_d
28731
942
_a
NUST-CAE
_c
M
_c
20815
999
_c
280642
_d
280642